Countries Without 1,000,000+ Cities - Statistics

General Stats
  • This quiz has been taken 159 times
    123 since last reset
  • The average score is 53 of 66
Answer Stats
Hint Answer % Correct
NA St.Lucia
91%
EU Liechtenstein
90%
EU San Marino
90%
EU Vatican City
90%
EU Andorra
89%
NA Barbados
88%
NA Dominica
88%
NA St.Kitts and Nevis
88%
OC Tuvalu
88%
EU Malta
87%
OC Marshall Islands
87%
NA Antigua and Barbuda
86%
OC Fiji
86%
SA Guyana
86%
EU Iceland
86%
EU Lithuania
86%
EU Luxembourg
86%
OC Micronesia
86%
OC Nauru
86%
AF Sao Tome and Principe
86%
NA St. Vincent and the Grenadines
86%
SA Suriname
86%
NA Bahamas
85%
EU Estonia
85%
NA Grenada
85%
EU Kosovo
85%
EU Latvia
85%
EU Monaco
85%
OC Palau
85%
OC Tonga
85%
NA Trinidad and Tobago
85%
EU Bosnia and Herzegovina
84%
AF Seychelles
84%
EU North Macedonia
83%
EU Slovenia
83%
NA Belize
82%
AS Cyprus
82%
AF Mauritius
82%
OC Papua-New Guinea
82%
OC Samoa
82%
OC Solomon Islands
82%
EU Moldova
80%
EU Montenegro
80%
AS East Timor
79%
OC Kiribati
79%
AS Maldives
79%
AS Bhutan
78%
AF Eswatini
78%
NA Jamaica
78%
AF Lesotho
78%
OC Vanuatu
78%
EU Croatia
77%
AF Djibouti
77%
EU Slovakia
77%
AF Comoros
76%
AS Brunei
75%
AF Cape Verde
75%
EU Albania
74%
AF Equatorial Guinea
70%
AF Eritrea
70%
AF Guinea-Bissau
67%
AF Gabon
66%
AF Namibia
66%
AF Botswana
64%
AS Laos
63%
AF South Sudan
53%
No matching quizzes found
Score Distribution
Percent of People with Each Score
Percentile by Number Answered
Your Score History
You have not taken this quiz since the last reset